000170672 001__ 170672
000170672 005__ 20260429150229.0
000170672 037__ $$aTAZ-TFM-2022-1434
000170672 041__ $$aspa
000170672 1001_ $$aPrieto Alcaide, José Luis
000170672 24200 $$aGranada teacher´s assessment about the applicability of the outdoor activities in Primary Education
000170672 24500 $$aLa valoración del profesorado de Granada sobre la aplicabilidad de las actividades en el medio natural en Educación Primaria
000170672 260__ $$aZaragoza$$bUniversidad de Zaragoza$$c2022
000170672 506__ $$aby-nc-sa$$bCreative Commons$$c3.0$$uhttp://creativecommons.org/licenses/by-nc-sa/3.0/
000170672 520__ $$aLas Actividades Físicas en el Medio Natural (AFMN) ofrecen formidables beneficios emocionales, sociales y psicológicos a los alumnos y alumnas. Además, permiten el contacto directo con los entornos naturales, con su preservación y cuidado, promoviendo valores sobre conciencia ecológica y siendo una fuente enriquecedora para la práctica de actividades físicas al aire libre. El objetivo general de esta investigación es analizar la valoración del profesorado sobre la aplicabilidad de las AFMN en las aulas de Educación Física (EF). Como muestra, se han seleccionado 10 docentes de EF de la provincia de Granada. El estudio ha seguido un enfoque cualitativo, empleando entrevistas semiestructuradas como herramienta de recogida de datos. Los datos han sido analizados con el programa QRS NVIVO (versión 12 plus). Los resultados muestran cómo la principal limitación que se encuentran estos docentes es la falta de formación específica en cuanto a AFMN, lo que dificulta su posterior aplicabilidad en el aula. Como perspectivas de futuro, se plantea ampliar el tamaño de la muestra para poder comparar opiniones en función tanto de la experiencia como de las características del centro (localización, titularidad). <br />
000170672 521__ $$aMáster Universitario en Aprendizaje a lo largo de la vida en contextos multiculturales
000170672 540__ $$aDerechos regulados por licencia Creative Commons
000170672 6531_ $$alimitaciones
000170672 6531_ $$amedio natural
000170672 6531_ $$aformación específica
000170672 6531_ $$abeneficios
000170672 700__ $$aPeñarrubia Lozano, Carlos$$edir.
000170672 7102_ $$aUniversidad de Zaragoza$$bExpresión Musical, Plástica y Corporal$$cDidáctica de la Expresión Corporal
000170672 8560_ $$f865438@unizar.es
000170672 8564_ $$s1234700$$uhttps://zaguan.unizar.es/record/170672/files/TAZ-TFM-2022-1434.pdf$$yMemoria (spa)
000170672 909CO $$ooai:zaguan.unizar.es:170672$$pdriver$$ptrabajos-fin-master
000170672 950__ $$a
000170672 951__ $$adeposita:2026-04-29
000170672 980__ $$aTAZ$$bTFM$$cFEDU
000170672 999__ $$a20221201094056.CREATION_DATE